| 000 | 03190cam a2200349 i 4500 | ||
|---|---|---|---|
| 001 | |||
| 003 | DO-SdBNP | ||
| 005 | 20220325113409.0 | ||
| 008 | 150807s2014 dr ab b 000 0 spa c | ||
| 020 | _a9789945891492 | ||
| 040 |
_aBPMSU _bspa _cBPMSU |
||
| 082 |
_a704.0397293 _bZ53a _222 |
||
| 245 | 0 | 3 |
_aEl zemí de algodón taíno / _cpresentación Manuel García Arévalo ; traducción Rosario Flores Paz ; edición Jesús R. Navarro Zerpa. |
| 260 |
_aSanto Domingo : _bAcademia Dominicana de la Historia, _c2014 |
||
| 300 |
_a225 p. : _b ils., retrs. _c23 cm. |
||
| 490 | 0 |
_aAcademia Dominicana de la Historia ; _v122 |
|
| 500 | _aIncluye referecias bibliográficas y notas al pie de las páginas | ||
| 505 | 0 |
_aDescubrimiento de la actual localización del único zemí de algodón antillano aun existente / Bernardo Vega (1971-1972) -- Los taínos y su cemí / Annalena Guidi y M. Grazia Appendino (1973) -- El zemí de algodón del Museo de Turín / Melchiorre Masali y Gabriella Erica-Pia (1993) -- Escenas del pasado : TC multidetector de un ídolo cemí antillano / Maria Cristina Martina, MD, Federico Cesarani, MD, Rosa Boano, PHD, Emma Rabino Massa, MD, Claudio Carlo Venturi, MD, Giovanni Gandini, MD (1997) -- El cemí de algodón del Museo de Antropología y Etnografía de Turín : historia de su descubrimiento y descripción / Donatella Meaglia y Marilena Girotti (2001) -- El cemí de algodón y sus conexiones culturales con pueblos y culturas de Sudamérica : notas a partir de investigaciones arqueológicas y etnológicas / Gabriella Erica Pia (2001) -- "Dioses... decorados con la aguja del bordador" : los materiales, la confección y el significado de un relicario taíno de algodón / Joanna Ostapkowicz y Lee Newsom (2012) ; traducción de, Rosario Flores Paz -- Apéndices : el cemí de algodón en la prensa. "Al museo antropológico y etnográfico universitario el secreto del ídolo peruano" / U. D. (1940) ; Detective cultural / (Editorial) (1972) ; Redescubren zemí de cultura taína / Héctor Herrera (1972) ; De cómo y cuándo la nieve se convierte en algodón / Pedro Mir (1972) ; Suro califica al cemí de algodón como objeto de carácter mágico (1972) ; El zemí de algodón de Santo Domingo / M. Rivero de la Calle, Director del Museo Antropológico Montané, Escuela de Ciencias Biológicas, Universidad de La Habana (1973) ; A recuperar el zemí taíno de algodón / José Rafael Lantiagua (2013). _g |
|
| 546 | _aOne essay translated from the English. | ||
| 590 | _6inventariado, 20121/VM | ||
| 650 | 4 |
_aArte taíno _zIsla Hispaniola (Haití y República Dominicana ) |
|
| 650 | 4 | _aMitología taína Indígenas de Isla Hispaniola (Haití y República Dominicana ) | |
| 650 | 4 |
_aCulto a los antepasados _zIsla Hispaniola (Haití y República Dominicana ) |
|
| 651 | 4 |
_aIsla Hispaniola (Haití y República Dominicana ) _xHistoria |
|
| 700 | 1 |
_aGarcía Arévalo, Manuel _epresentación |
|
| 700 | 1 |
_a Flores Paz, Rosario _etr. |
|
| 700 | 1 |
_aNavarro Zerpa, Jesús R. _eed. |
|
| 710 | 2 | _aAcademia Dominicana de la Historia | |
| 830 | 0 |
_aAcademia Dominicana de la Historia ; _v122. |
|
| 910 | _aVMateo | ||
| 942 |
_2ddc _cBK |
||
| 999 |
_c13431 _d13431 |
||